000
00332 a2200145 4500
001
169662
020
_a
040
_c
Magnum
100
_a
Driscoll, Gertrude
240
1
0
_a
Como estudar la conducta de los ninos
_l
ESP
245
1
0
_a
Como estudar la conducta de los ninos
362
0
_a
1899
697
_a
PSICOLOGIA
942
_c
BK
999
_c
169662
_d
169662